• 首页
  • 本馆介绍
  • 公告通知
  • 最新文献
  • 馆藏检索
  • 电子资源
  • 读者导购
  • 参考咨询
  • 我的图书馆
  • 登录
  • 详细信息显示
  • 放入我的书架
  • 预约/预借图书
  • 作者相关作品
  • 分类相关作品
  • 丛书相关作品
  • 出版社相关作品

书目信息

  • 表格格式
  • 工作单格式
  • 卡片格式
题名:
中学历史学习指导书
    
 
作者: 于友西 主编 ;陈隆涛 , 范瑞祥 编
分册:  
出版信息: 北京   北京师范学院出版社  1987
页数: 209页
开本: 19cm
丛书名:
单 册:
中图分类: G633.53
科图分类:
主题词: 古代史--中国--中学--学习参考资料
电子资源:
ISBN: 7427.116
000 00772nam0 2200253 450
001 0187015691
005 20100712222143.0
010    @a7427.116@dCNY1.20
091    @a7427.116@d¥1.20
100    @a19951125d1987 em y0chiy0110 ea
101 0  @achi
102    @aCN@b110000
105    @ay z 000yy
106    @ar
200 1  @a中学历史学习指导书@9Zhong Xue Li Shi Xue Xi Zhi Dao Shu @e中国古代史部分@f于友西等主编@g陈隆涛,范瑞祥编
210    @a北京@c北京师范学院出版社@d1987
215    @a209页@d19cm
606 0  @a古代史@y中国@x中学@x学习参考资料
690    @aG633.53@v3
701  0 @a于友西@9yu you xi@4主编
702  0 @a陈隆涛@9chen long tao@4编
702  0 @a范瑞祥@9fan rui xiang@4编
801  0 @aCN@bAzMarc@c20130904
905    @aBZT@dG633.53@e3@f1@sG633.53/3
    
    中学历史学习指导书:中国古代史部分/于友西等主编/陈隆涛,范瑞祥编.-北京:北京师范学院出版社,1987
    209页;19cm
    
    
    ISBN 7427.116:CNY1.20
    
●
相关链接 在五车中查询图书 在当当中查询图书 在豆瓣中查询图书


正题名:中学历史学习指导书     索取号:G633.53/3         预约/预借

序号 登录号 条形码 馆藏地/架位号 状态 备注
1 2000091091   2000091091   旧书回溯/ [索取号:G633.53/3] 在馆    
山东省滨州职业学院图书馆 欢迎您!
大连网信软件有限公司© 版权所有